000
00247nam a2200109Ia 4500
008
190911s9999||||xx |||||||||||||| ||und||
100
_a
Gruska, Jozef
245
0
_a
Foundation of Computing
260
_a
USA
_b
CRC
_c
1997
300
_a
716
942
_c
BK
999
_c
6640
_d
6640